Statistics for Countries Where The Use Of Cannabis Is Legal

Click here to take the quiz!

General Stats

  • This quiz has been taken 78 times
  • The average score is 42 of 68

Answer Stats

StatusCountry% Correct
Recreational Use LegalCanada
98%
Medical Use LegalUnited Kingdom
95%
DecriminalizedNetherlands
92%
DecriminalizedSpain
90%
DecriminalizedAustralia
84%
Medical Use RestrictedFrance
84%
Recreational Use LegalMexico
84%
DecriminalizedPortugal
84%
DecriminalizedGermany
82%
Medical Use LegalBrazil
80%
DecriminalizedItaly
80%
DecriminalizedArgentina
79%
DecriminalizedAustria
79%
DecriminalizedFinland
79%
DecriminalizedSwitzerland
79%
Recreational Use LegalUruguay
79%
DecriminalizedColombia
77%
Medical Use LegalNew Zealand
77%
DecriminalizedBelgium
75%
DecriminalizedChile
75%
Medical Use LegalSweden
74%
DecriminalizedEstonia
72%
Medical Use LegalNorway
72%
DecriminalizedBolivia
70%
DecriminalizedPoland
70%
DecriminalizedJamaica
69%
DecriminalizedParaguay
69%
DecriminalizedCzech Republic
67%
Medical Use LegalPanama
67%
DecriminalizedPeru
67%
DecriminalizedCosta Rica
66%
DecriminalizedCroatia
66%
DecriminalizedSlovenia
66%
Recreational Use LegalSouth Africa
66%
DecriminalizedEcuador
64%
Medical Use RestrictedSlovakia
64%
Medical Use RestrictedIndia
62%
Medical Use RestrictedJapan
62%
Recreational Use LegalThailand
61%
DecriminalizedBarbados
59%
DecriminalizedLuxembourg
59%
DecriminalizedSaint Kitts and Nevis
59%
DecriminalizedSaint Lucia
59%
DecriminalizedSaint Vincent and the Grenadines
59%
DecriminalizedIsrael
57%
Recreational Use LegalMalta
57%
Medical Use RestrictedSouth Korea
57%
Medical Use RestrictedTurkey
57%
Medical Use RestrictedRomania
56%
DecriminalizedAntigua and Barbuda
52%
Medical Use RestrictedUkraine
52%
DecriminalizedTrinidad and Tobago
51%
DecriminalizedDominica
49%
DecriminalizedBelize
48%
DecriminalizedMorocco
46%
Medical Use LegalSan Marino
43%
Medical Use LegalNorth Macedonia
39%
DecriminalizedMoldova
38%
Medical Use RestrictedPakistan
36%
Medical Use RestrictedPhilippines
36%
Recreational Use LegalGeorgia
34%
Medical Use LegalSri Lanka
34%
Medical Use RestrictedSingapore
33%
Medical Use RestrictedGhana
21%
Medical Use LegalZambia
21%
Medical Use LegalRwanda
16%
Medical Use LegalZimbabwe
16%
Medical Use LegalVanuatu
11%

Score Distribution

Percentile by Number Answered

Percent of People with Each Score

Your Score History

You have not taken this quiz